Violencia sexual : (Registro nro. 6307)
[ vista simple ]
| 000 -LEADER | |
|---|---|
| fixed length control field | 01710nam a2200337Ia 4500 |
| 003 - CONTROL NUMBER IDENTIFIER | |
| control field | OSt |
| 005 - DATE AND TIME OF LATEST TRANSACTION | |
| control field | 20200909231835.0 |
| 008 - FIXED-LENGTH DATA ELEMENTS--GENERAL INFORMATION | |
| fixed length control field | 191128s2015 ck ad fr 000 0 spa d |
| 020 ## - INTERNATIONAL STANDARD BOOK NUMBER | |
| International Standard Book Number | 9789584244239 |
| 040 ## - CATALOGING SOURCE | |
| Original cataloging agency | CO-JMCR |
| Transcribing agency | CO-JMCR |
| 041 0# - LANGUAGE CODE | |
| Language code of text/sound track or separate title | spa |
| 082 04 - DEWEY DECIMAL CLASSIFICATION NUMBER | |
| Classification number | 364.153 / |
| Item number | F175v |
| Edition number | 23 |
| 100 1# - MAIN ENTRY--PERSONAL NAME | |
| Personal name | Fajardo Arturo, Luis Andrés, |
| Relator term | autor |
| 9 (RLIN) | 3324 |
| 245 10 - TITLE STATEMENT | |
| Title | Violencia sexual : |
| Remainder of title | como crimen internacional perpetrado por las Farc / |
| Statement of responsibility, etc. | Luis Andrés Fajardo Arturo y Rosa Yineth Valoyes Valoyes ; con el apoyo de los investigadores, Jenny Cabarcas Cepeda, Héctor Castillo Rojas y Catalina Casas Rivera |
| 250 ## - EDITION STATEMENT | |
| Edition statement | Primera edición |
| 260 ## - PUBLICATION, DISTRIBUTION, ETC. | |
| Place of publication, distribution, etc. | Bogotá : |
| Name of publisher, distributor, etc. | Universidad Sergio Arboleda, |
| Date of publication, distribution, etc. | 2015 |
| 300 ## - PHYSICAL DESCRIPTION | |
| Extent | 186 páginas : |
| Other physical details | ilustraciones y gráficos a color ; |
| Dimensions | 24 cm. |
| 490 0# - SERIES STATEMENT | |
| Series statement | Derecho y conflicto |
| 504 ## - BIBLIOGRAPHY, ETC. NOTE | |
| Bibliography, etc. note | Bibliografía : páginas 181-186 |
| 505 0# - FORMATTED CONTENTS NOTE | |
| Formatted contents note | Componentes sociológicos del fenómeno de la violencia sexual perpetrado por las Farc -- Componente analítico de casos testimoniales de violencia sexual perpetrada por las Farc -- Acciones derivadas de la violencia sexual en el marco del conflicto armado |
| 650 14 - SUBJECT ADDED ENTRY--TOPICAL TERM | |
| Topical term or geographic name entry element | Atrocidades |
| General subdivision | Fuerzas Armadas Revolucionarias de Colombia |
| 9 (RLIN) | 10104 |
| 650 14 - SUBJECT ADDED ENTRY--TOPICAL TERM | |
| Topical term or geographic name entry element | Crímenes de lesa humanidad |
| 9 (RLIN) | 10105 |
| 650 14 - SUBJECT ADDED ENTRY--TOPICAL TERM | |
| Topical term or geographic name entry element | Víctimas de abuso sexual |
| General subdivision | mujeres |
| Geographic subdivision | Colombia |
| 9 (RLIN) | 10106 |
| 650 14 - SUBJECT ADDED ENTRY--TOPICAL TERM | |
| Topical term or geographic name entry element | Violencia contra la mujer |
| Geographic subdivision | Colombia |
| 9 (RLIN) | 10107 |
| 650 14 - SUBJECT ADDED ENTRY--TOPICAL TERM | |
| Topical term or geographic name entry element | Conflicto armado |
| Geographic subdivision | Colombia |
| 9 (RLIN) | 8340 |
| 700 1# - ADDED ENTRY--PERSONAL NAME | |
| Personal name | Valoyes Valoyes, Rosa yineth, |
| Relator term | autora |
| 9 (RLIN) | 10108 |
| 700 1# - ADDED ENTRY--PERSONAL NAME | |
| Personal name | Cabarcas Cepeda, Jenny, |
| Relator term | investigadora |
| 9 (RLIN) | 10109 |
| 700 1# - ADDED ENTRY--PERSONAL NAME | |
| Personal name | Castillo Rojas, Héctor, |
| Relator term | investigador |
| 9 (RLIN) | 10110 |
| 700 1# - ADDED ENTRY--PERSONAL NAME | |
| Personal name | Casas Rivera, Catalina, |
| Relator term | investigadora |
| 9 (RLIN) | 10111 |
| 942 ## - ADDED ENTRY ELEMENTS (KOHA) | |
| Source of classification or shelving scheme | Dewey Decimal Classification |
| Koha item type | Books |
| Withdrawn status | Lost status | Source of classification or shelving scheme | Damaged status | Not for loan | Collection code | Home library | Current library | Date acquired | Source of acquisition | Total Checkouts | Full call number | Barcode | Date last seen | Date last checked out | Copy number | Koha item type |
|---|---|---|---|---|---|---|---|---|---|---|---|---|---|---|---|---|
| Dewey Decimal Classification | Non-fiction | Biblioteca Pública José María del Castillo y Rada | Biblioteca Pública José María del Castillo y Rada | 12/01/2017 | Donación | 3 | 364.153 / F175v | 430012384 | 05/16/2024 | 06/28/2023 | Ej.1 | Books |